000
00233nam a2200097Ia 4500
001
715891
005
20250826162934.0
008
250824s9999 xx 000 0 und d
245
0
_a
LABİRENT
_c
ALEXANDRA MONIR
260
_b
ALTIN YAYINLARI
999
_c
715891
_d
715891